00832nam a2200229 a 450000100100000000500170001000800410002704000250006808200130009310000280010624000470013424501050018126000370028630000250032349000160034853400720036465000350043665000500047165000390052183000250056099900170058500002431120260401105821.0110126s1959 ag r 000 0 spa d aDO-SdBNPbspacBNPHU axxxbxxx1 aJeangros, Ervin,94988510aBerufsberatung und berufswahl.lEspañol.10aOrientación vocacional y profesional /cErvin Jeangros ; traducción de María Ruth R. Margrett. aBuenos Aires :bKapelusz,c1959. avi, 167 p. ;c20 cm.1 aMorenov372 aTítulo de la edición original :pBerufsberatung und berufswahl. 4aOrientación estudiantil9734 0aOrientación profesional y vocacional949886 0aAdministración de personal91581 0aMoreno ;v372949887 c23804d23804